Statystyki dla Rozpoznaj ptaki po zdjęciach

Kliknij tutaj aby rozwiązać quiz!

Ogólne statystyki

  • Ten quiz został rozwiązany 345 razy
  • Średni wynik to 18 z 20

Statystyki odpowiedzi

Odpowiedź% Poprawnych
Łabędź
98%
Kaczka
96%
Orzeł
96%
Papuga
96%
Kruk
95%
Kura
95%
Sowa
95%
Struś
95%
Gołąb
94%
Paw
94%
Dzięcioł
93%
Indyk
92%
Flaming
91%
Sęp
90%
Wróbel
90%
Pelikan
89%
Tukan
88%
Gęś
84%
Emu
77%
Drozd Wędrowny
26%

Rozkład punktacji

Percentyl według liczby udzielonych odpowiedzi

Procent ludzi z każdym wynikiem

Twoja historia wyników

Nie rozwiązałeś tego quizu